ZTM Gdańsk - 167 - Statystyki

Ogólne statystyki
  • Ten quiz został rozwiązany 18 razy
    12 od ostatniego zresetowania
  • Średni wynik to 23 z 34
Statystyki odpowiedzi
Ulica Przystanek % Poprawnych
Podwale Grodzkie Dworzec Główny
100%
Kartuska Emaus
100%
Hucisko Hucisko
100%
Wały Piastowskie Plac Solidarności
100%
Kartuska Siedlce
100%
Kartuska Damroki
83%
Nowatorów Kokoszki
83%
Kartuska Myśliwska
83%
Kartuska Pólnicy
83%
Kartuska Szczęśliwa
83%
Kartuska Zakopiańska
83%
Kartuska Zielony Stok
83%
Kartuska Bema
67%
Budowlanych Bysewo
67%
Kartuska Fabryczna
67%
Kartuska Inżynierska
67%
Kartuska Karczemki
67%
Budowlanych Nowatorów
67%
Kartuska Pagórkowa
67%
Kartuska Przytulna
67%
Kartuska Rondo Kuronia
67%
Kartuska Zabornia
67%
Kartuska Źródlana
67%
Kartuska Jasień Działki
50%
Nowatorów Kokoszki PKP
50%
Nowatorów Transportowców
50%
Kartuska Węzeł Karczemki
50%
Kartuska Życzliwa
50%
Budowlanych Centrostal
33%
Budowlanych Instal
33%
Budowlanych Kokoszki - Poczta
33%
Kartuska Lipowa
33%
Budowlanych Schronisko dla zwierząt "Promyk"
33%
Budowlanych Unimor
33%
Nie znaleziono quizów pasujących do podanych kryteriów
Rozkład punktacji
Procent ludzi z każdym wynikiem
Percentyl według liczby udzielonych odpowiedzi
Twoja historia wyników
Nie rozwiązałeś tego quizu od ostatniego zresetowania